000 004610000a22001810004500
003 MACL
005 20160105124444.0
008 160105b xxu||||| |||| 00| 0 eng d
040 _aMACL
_cMACL
041 _aEnglish
082 _a800/SAS
100 _aKeith, A Berriedale
_923934
245 _aA History of Sanskrit Literature
260 _bOxford University Press
_c1953
_aLondon
350 _a20
650 _aLiterature
_927873
942 _cBK
_k800/SAS
_2ddc
999 _c34784
_d34784